000 00803nam a22002297a 4500
005 20180801131851.0
008 090626t xxu||||| |||| 00| 0 eng d
010 _aENG-94235
020 _a8173913668
_c995.00
035 _aEN-77768, B-019417
037 _bDBAD / VEN
040 _adpl
_bEnglish
082 _a338.4791
245 _aTourism marketing:
_cedited by Ratandeep Singh
_bprinciples, policies and strategies /
260 _aNew Delhi
_bKanishka Publishers, Distributors
_c2004
270 _a4697/5-21A, Ansari Road, Darya Ganj
_bNew Delhi
_e110002
300 _avii, 598p.
_c23cm(Hb)
500 _aIncludes index
700 _aSingh, Ratandeep
942 _2ddc
_cEN
_mTOU
_h338.4791
999 _c27913
_d27913